000 00267nam a2200109Ia 4500
008 231212s1978 xx 000 0 und d
041 _aeng
082 _a621.383
100 _aBhargavha
245 _aBasic Eletroinc &Linear
260 _aNew Dehli
_bJain Brothers
_c1978
999 _c957416
_d957416